Revolución y Política Alimentaria
| Main Author: | |
|---|---|
| Format: | Section = Libro |
| Language: | Undetermined Spanish |
| Published: |
Nicaragua
BCN
1992
|
| Edition: | 2a.ed |
| Subjects: |
| LEADER | 00639nam a2200217Ia 4500 | ||
|---|---|---|---|
| 008 | 240830s9999 xx 000 0 und d | ||
| 040 | |a B-ESTELÍ- RUACS / 338.19 B615 | ||
| 041 | |a spa | ||
| 082 | |a 338.19 B615 | ||
| 100 | 1 | |a Biondi-Morra, Brizio N. | |
| 245 | 1 | 0 | |a Revolución y Política Alimentaria |
| 250 | |a 2a.ed | ||
| 260 | |a Nicaragua |b BCN |c 1992 | ||
| 300 | |a 345 p | ||
| 650 | 7 | |a POLITICA AGROPECUARIA-NICARAGUA | |
| 650 | 7 | |b NICARAGUA-CONDICIONES ECONOMICAS 1979-1985 | |
| 650 | 7 | |c POLITICA ECONOMICA | |
| 650 | 7 | |d NICARAGUA HISTORIA-REVOLUCION POPULAR SANDINISTA 1979-1990. | |
| 942 | |c BK |2 ddc | ||
| 991 | |a TEXTO | ||
| 999 | |c 10783 | ||